LIBRARY & INFORMATION CENTRE, KCAET, TAVANUR

ONLINE PUBLIC ACCESS CATALOGUE (OPAC)

Sasyaprajananam / (Record no. 10858)

MARC details
000 -LEADER
fixed length control field 00563cam a2200229ua 4500
041 ## - LANGUAGE CODE
Language code of text/sound track or separate title mal
082 ## - DEWEY DECIMAL CLASSIFICATION NUMBER
Classification number 631.53
Item number SRE/SA
100 ## - MAIN ENTRY--AUTHOR NAME
Personal name Sreenivasan, K .
245 ## - TITLE STATEMENT
Title Sasyaprajananam /
250 ## - EDITION STATEMENT
Edition statement 1 /
260 ## - PUBLICATION, DISTRIBUTION, ETC. (IMPRINT)
Place of publication Thiruvananthapuram :
Name of publisher State Instititute of Languages ,
Year of publication 1972.
300 ## - PHYSICAL DESCRIPTION
Number of Pages 269 ; .
700 1# - ADDED ENTRY--PERSONAL NAME
Personal name Gopimony, R .
942 ## - ADDED ENTRY ELEMENTS (KOHA)
Koha item type Books
Holdings
Withdrawn status Lost status Damaged status Home library Current library Date acquired Full call number Accession Number Koha item type
      KAUAET KAUAET 07/04/2012 631.53 13482 Books
      KAUAET KAUAET 07/04/2012 631.53 13878 Books
      KAUAET KAUAET 07/04/2012 631.53 13481 Books
      KAUAET KAUAET 07/04/2012 631.53 13484 Books
free website counter